000 00350nam a2200133Ia 4500
008 231217s9999 xx 000 0 und d
041 _aEnglish
082 _a335.4 CHE;1 R
100 _aChekhow, A P.
245 0 _aSelected works in two volumes : volume one stories
260 _c1984
_bRaduga Publishers
_aMascow
300 _a231
942 _cAA
999 _c199074
_d199074